LEADER 03403nam 2200745 a 450 001 9910960966803321 005 20251116140432.0 010 $a9786610203468 010 $a9781280203466 010 $a1280203463 010 $a9780309562133 010 $a0309562139 010 $a9780585009704 010 $a0585009708 035 $a(CKB)110986584751134 035 $a(EBL)3377151 035 $a(SSID)ssj0000170763 035 $a(PQKBManifestationID)11176881 035 $a(PQKBTitleCode)TC0000170763 035 $a(PQKBWorkID)10225150 035 $a(PQKB)11074321 035 $a(MiAaPQ)EBC3377151 035 $a(Au-PeEL)EBL3377151 035 $a(CaPaEBR)ebr10068384 035 $a(CaONFJC)MIL20346 035 $a(OCoLC)923268647 035 $a(Perlego)4739907 035 $a(BIP)716118 035 $a(EXLCZ)99110986584751134 100 $a19941013d1994 uy 0 101 0 $aeng 135 $aur|n|---||||| 181 $ctxt 182 $cc 183 $acr 200 00$aHierarchical structures in biology as a guide for new materials technology /$fCommittee on Synthetic Hierarchical Structures, National Materials Advisory Board, Commission on Engineering and Technical Systems, National Research Council 205 $a1st ed. 210 $aWashington, D.C. $cNational Academy Press$d1994 215 $a1 online resource (144 p.) 225 1 $aNMAB ;$v464 300 $a"This study ... was conducted under Contract No. MDA 972-92-C-0028 with the U.S. Department of Defense and the National Aeronautics and Space Administration"--t.p. verso. 300 $a"David A. Tirrell, chair"--p. iii. 311 08$a9780309046381 311 08$a0309046386 320 $aIncludes bibliographical references (p. 111-122). 327 $aExecutive summary -- Introduction -- Natural hierarchical materials -- Synthetic hierarchical systems -- Fabrication of hierarchical systems -- Conclusions and recommendations: scientific and technological opportunities -- References -- Appendix A: Glossary of term -- Appendix B: Biographical sketches of committee members. 330 $aHierarchical structures are those assemblages of molecular units or their aggregates embedded within other particles or aggregates that may, in turn, be part of even larger units of increasing levels of organization. This volume reviews the state of the art of synthetic techniques and processing procedures for assembling these structures. Typical natural-occurring systems used as models for synthetic efforts and insight on properties, unusual characteristics, and potential end-use applications are identified. Suggestions are made for research and development efforts to mimic such structures for broader applications. 410 0$aPublication NMAB ;$v464. 606 $aMaterials$xResearch 606 $aSynthetic products 606 $aMicrostructure 606 $aMorphology 615 0$aMaterials$xResearch. 615 0$aSynthetic products. 615 0$aMicrostructure. 615 0$aMorphology. 676 $a620.1/1 712 02$aNational Research Council (U.S.).$bCommittee on Synthetic Hierarchical Structures. 801 0$bMiAaPQ 801 1$bMiAaPQ 801 2$bMiAaPQ 906 $aBOOK 912 $a9910960966803321 996 $aHierarchical structures in biology as a guide for new materials technology$94364360 997 $aUNINA